Largest Cities Between 110° and 120° East Longitude - Statistics

General Stats
  • This quiz has been taken 16 times
  • The average score is 15 of 28
Answer Stats
# Population Nat. Coordinates Answer % Correct
1 72,700,000 🇨🇳 23°07′48″N 113°15′36″E Guăngzhōu-Shēnzhèn,
100%
2 21,500,000 🇨🇳 39°54′24″N 116°23′51″E Bĕijīng
92%
5 11,700,000 🇨🇳 39°08′01″N 117°12′19″E Tiānjīn
92%
4 12,600,000 🇨🇳 30°35′36″N 114°18′17″E Wŭhàn
92%
3 15,400,000 🇨🇳 24°28′47″N 118°05′20″E Xiàmén
92%
11 7,500,000 🇨🇳 22°18′N 114°12′E Hong Kong
85%
8 9,500,000 🇨🇳 32°03′39″N 118°46′44″E Nánjīng
77%
28 2,350,000 🇦🇺 31°57′21″S 115°51′35″E Perth
77%
6 11,500,000 🇨🇳 28°13′41″N 112°56′20″E Chángshā
69%
15 5,950,000 🇮🇩 07°14′45″S 112°44′16″E Surabaya
69%
7 10,300,000 🇨🇳 34°45′50″N 113°41′02″E Zhèngzhōu
62%
9 8,200,000 🇨🇳 31°49′14″N 117°13′38″E Héféi
54%
10 8,050,000 🇨🇳 23°21′14″N 116°40′55″E Shàntóu
54%
13 6,450,000 🇨🇳 38°02′33″N 114°30′36″E Shíjiāzhuāng
54%
14 6,150,000 🇨🇳 37°52′13″N 112°32′59″E Tàiyuán
54%
24 2,800,000 🇨🇳 20°01′07″N 110°20′56″E Hăikŏu
46%
23 2,850,000 🇨🇳 40°50′31″N 111°44′56″E Hohhot
46%
16 5,150,000 🇨🇳 28°40′59″N 115°51′29″E Nánchāng
46%
12 6,750,000 🇨🇳 36°40′13″N 117°01′15″E Jìnán
38%
19 3,750,000 🇨🇳 34°37′11″N 112°27′14″E Luòyáng
31%
21 3,150,000 🇨🇳 34°15′54″N 117°11′13″E Xuzhou
31%
18 3,975,000 🇨🇳 36°48′50″N 118°03′18″E Zībó
31%
22 2,925,000 🇨🇳 36°36′04″N 114°29′13″E Handan
23%
17 4,650,000 🇨🇳 35°06′14″N 118°21′23″E Linyi
23%
20 3,325,000 🇨🇳 36°42′29″N 119°09′43″E Wéifāng
15%
26 2,700,000 🇨🇳 35°18′13″N 113°55′36″E Xinxiang
15%
27 2,675,000 🇨🇳 22°16′27″N 113°34′19″E Zhūhăi
15%
25 2,750,000 🇨🇳 39°37′46″N 118°10′26″E Tángshān
0%
No matching quizzes found
Score Distribution
Percent of People with Each Score
Percentile by Number Answered
Your Score History
You have not taken this quiz